|
|
|
|
| LEADER |
01457nam a2200253 a 4500 |
| 001 |
33726 |
| 003 |
BD-DhAAL |
| 005 |
20180917114435.0 |
| 008 |
180917t2018 bg a s l000 0 ben |
| 999 |
|
|
|c 40011
|d 40011
|
| 040 |
|
|
|a DB-DhAAL
|c DB-DhAAL
|
| 041 |
|
|
|a ben
|a eng
|
| 082 |
0 |
0 |
|a 629.4743095492
|2 22
|
| 245 |
0 |
0 |
|a ডিজিটাল বাংলাদেশের পথে অগ্রযাত্রা :
|b হালচিএ ২০১৮ /
|c অর্থ বিভাগ, অর্থ মন্ত্রণালয়, গণপ্রজাতন্ত্রী বাংলাদেশ সরকার
|
| 260 |
|
|
|a ঢাকা :
|b গণপ্রজাতন্ত্রী বাংলাদেশ সরকার,
|c ২০১৮
|
| 300 |
|
|
|a xi, ১৫২ পৃষ্ঠা ;
|b চিএ :
|c ২৭ সে.মি.
|
| 526 |
|
|
|a AAL
|
| 541 |
|
|
|a Development Book Agency
|e 33726
|
| 650 |
|
0 |
|a Digital communications
|z Bangladesh.
|9 28229
|
| 650 |
|
0 |
|a Astronautics
|x Communication systems.
|9 28230
|
| 710 |
2 |
|
|a গণপ্রজাতন্ত্রী বাংলাদেশ সরকার,
|b অর্থ বিভাগ, অর্থ মন্ত্রণালয়
|9 28231
|
| 852 |
1 |
|
|a Ayesha Abed Library
|c General Stacks
|
| 942 |
|
|
|2 ddc
|c BK
|
| 952 |
|
|
|0 0
|1 0
|2 ddc
|4 0
|6 629_474309549200000_DIG
|7 0
|9 64295
|a BRACUL
|b BRACUL
|c GEN
|d 2018-08-28
|e Development Book Agency
|g 100.00
|l 0
|o 629.4743095492 DIG
|p 3010033726
|r 2018-08-28
|t 1
|v 100.00
|w 2018-08-28
|y BK
|